[Event "Kalamazoo Quads"]
[Site "Kalamazoo"]
[Date "1996.03.30"]
[Round "?"]
[White "Anderson, Gale"]
[Black "Franklin, Stan"]
[Result "0-1"]
[WhiteElo "1715"]
[BlackElo "1705"]
[PlyCount "90"]
[EventDate "1996.03.30"]

1. e4 c5 2. Nc3 Nc6 3. Nf3 g6 4. b3 Bg7 5. Bb2 e6 6. Be2 Nge7 7. O-O O-O 8. Rb1
Nd4 9. Nxd4 cxd4 10. Na4 e5 11. Nc5 b6 12. Nd3 Bb7 13. Bf3 d6 14. c4 f5 15. Re1
f4 16. a3 a5 17. Nc1 Bc8 18. Qc2 Be6 19. d3 g5 20. h3 Ng6 21. b4 Qd7 22. Qd1
Nh4 23. Bh5 f3 24. g4 Ng2 25. Rf1 Nf4 26. bxa5 Rxa5 27. Nb3 Raa8 28. Nd2 Nxh5
29. gxh5 Bxh3 30. Kh2 g4 31. Rg1 Qf7 32. Rh1 Qxh5 33. Kg1 Qg5 34. Nf1 h5 35.
Bc1 Qg6 36. Ng3 h4 37. Nf5 Rxf5 38. exf5 Qxf5 39. Rxb6 g3 40. Qd2 gxf2+ 41.
Kxf2 Bf6 42. Rb3 Qg4 43. Rg1 Bg2 44. Ke1 h3 45. Qh6 Bh4+ 0-1

[Event "Kalamazoo Quads"]
[Site "Kalamazoo"]
[Date "1996.03.30"]
[Round "?"]
[White "Amante, Anthony"]
[Black "Masse, David"]
[Result "1-0"]
[WhiteElo "988"]
[BlackElo "971"]
[PlyCount "61"]
[EventDate "1996.03.30"]

1. e4 e5 2. Nf3 Nc6 3. d4 Bb4+ 4. c3 Ba5 5. d5 Nce7 6. Nxe5 Nf6 7. f3 d6 8. Nc4
c6 9. Nxa5 Qxa5 10. b4 Qc7 11. c4 cxd5 12. cxd5 Qc3+ 13. Nxc3 O-O 14. Bg5 Ng6
15. Bxf6 gxf6 16. h4 Re8 17. Bb5 Re7 18. g3 f5 19. h5 Ne5 20. Kf2 fxe4 21. Nxe4
a6 22. Bd3 Kf8 23. Qd2 Bd7 24. Qh6+ Ke8 25. Nxd6+ Kd8 26. Qf8+ Be8 27. Bf5 f6
28. Nxb7+ Kc7 29. Qxe7+ Kb6 30. Rac1 Bb5 31. Qc7+ 1-0

[Event "Lansing Mini-Swiss (April)"]
[Site "Lansing, Mich."]
[Date "1996.04.07"]
[Round "1"]
[White "Zacks, Naum"]
[Black "Moody, David"]
[Result "0-1"]
[WhiteElo "1800"]
[BlackElo "2025"]
[PlyCount "53"]
[EventDate "1996.04.07"]

1. e4 e5 2. Ne2 Nc6 3. g3 Bc5 4. c3 Nf6 5. Bg2 d6 6. d4 exd4 7. cxd4 Bb6 8.
Nbc3 Bg4 9. Be3 Qd7 10. h3 Bh5 11. g4 Bg6 12. Nf4 O-O-O 13. Nxg6 hxg6 14. a3
Rhe8 15. O-O d5 16. e5 Ne4 17. Nxe4 dxe4 18. Bxe4 Nxd4 19. Rc1 Rxe5 20. Bxd4
Bxd4 21. Qf3 c6 22. Bxc6 bxc6 23. Rxc6+ Kb8 24. Rfc1 Bb6 25. Qf4 f6 26. Qc4
Rde8 27. Qf4 0-1

[Event "Lansing Mini-Swiss (April)"]
[Site "Lansing, Mich."]
[Date "1996.04.07"]
[Round "3"]
[White "Moody, David"]
[Black "Williams, Ron"]
[Result "1-0"]
[WhiteElo "2025"]
[BlackElo "1905"]
[PlyCount "103"]
[EventDate "1996.04.07"]

1. e4 c5 2. Nc3 e6 3. f4 Nc6 4. Nf3 a6 5. d3 d5 6. e5 Nge7 7. g3 b5 8. Bg2 Nf5
9. Ne2 Qc7 10. O-O Be7 11. c3 Bb7 12. d4 cxd4 13. Nfxd4 Ncxd4 14. Nxd4 Nxd4 15.
cxd4 g6 16. Bd2 Qb6 17. Be3 Rc8 18. Qd2 O-O 19. Rac1 b4 20. g4 Rxc1 21. Rxc1
Rc8 22. Rxc8+ Bxc8 23. f5 f6 24. fxg6 hxg6 25. Qc2 Kf7 26. Qxc8 fxe5 27. Qh8
Bf6 28. Qh7+ Bg7 29. h4 exd4 30. Bh6 d3+ 31. Kh1 Qd4 32. Bxg7 Qxg7 33. Qxg7+
Kxg7 34. Kg1 Kf6 35. Bxd5 exd5 36. Kf2 d4 37. Ke1 Ke5 38. Kd2 Kf4 39. h5 gxh5
40. gxh5 Kg5 41. Kxd3 Kxh5 42. Kxd4 Kg5 43. Kc4 a5 44. Kb5 b3 45. axb3 Kf5 46.
Kxa5 Ke6 47. b4 Kd7 48. Ka6 Kc7 49. b5 Kb8 50. b6 Ka8 51. b7+ Kb8 52. b3 1-0

[Event "Lansing Mini-Swiss (April)"]
[Site "Lansing, Mich."]
[Date "1996.04.07"]
[Round "2"]
[White "Bryan, Jarod"]
[Black "Moody, David"]
[Result "1-0"]
[WhiteElo "2263"]
[BlackElo "2025"]
[PlyCount "57"]
[EventDate "1996.04.07"]

1. e4 e5 2. Nf3 Nc6 3. d4 exd4 4. Bc4 Nf6 5. O-O Bc5 6. e5 d5 7. exf6 dxc4 8.
Re1+ Be6 9. Ng5 Qd5 10. Nc3 Qf5 11. Nce4 O-O-O 12. g4 Qe5 13. Nxe6 fxe6 14.
fxg7 Rhg8 15. Bh6 d3 16. c3 Bb6 17. Kg2 Qd5 18. f3 Ne5 19. Nf6 Qc5 20. Be3 Qd6
21. Bf4 Qc5 22. Bxe5 Rxg7 23. Bd4 Rxd4 24. cxd4 Qxd4 25. Rxe6 Qxb2+ 26. Kh1 c6
27. Qe1 d2 28. Re8+ Kc7 29. Qg3+ 1-0

[Event "Finney Quads (April)"]
[Site "Detroit, Mich."]
[Date "1996.04.20"]
[Round "1"]
[White "Moody, David"]
[Black "Jointer, William"]
[Result "1-0"]
[WhiteElo "2036"]
[BlackElo "1700"]
[PlyCount "83"]
[EventDate "1996.04.20"]

1. e4 d6 2. d4 g6 3. Nf3 Bg7 4. Bc4 Nf6 5. Nc3 O-O 6. Qe2 Nc6 7. h3 a6 8. Bg5
b5 9. Bb3 Na5 10. O-O c5 11. e5 Ne8 12. Bd5 Ra7 13. exd6 Qxd6 14. dxc5 Qxc5 15.
Be3 Qc7 16. Bxa7 Qxa7 17. Rfe1 e6 18. Bb3 Nf6 19. Rad1 Bb7 20. Ne5 Ba8 21. Rd6
Qc5 22. Red1 Nxb3 23. axb3 b4 24. Na4 Qc7 25. Rxa6 Nd5 26. Nf3 Nf4 27. Qc4 Qxc4
28. bxc4 Nxh3+ 29. gxh3 Bxf3 30. Rd7 Rc8 31. Raa7 Bc6 32. Rxf7 Bd4 33. Nc5 Rd8
34. Nxe6 Re8 35. Nxd4 Re1+ 36. Kh2 Rh1+ 37. Kg3 Rg1+ 38. Kf4 g5+ 39. Ke5 Re1+
40. Kf6 Be8 41. Rg7+ Kf8 42. Rxh7 1-0

[Event "Finney Quads (April)"]
[Site "Detroit, Mich."]
[Date "1996.04.20"]
[Round "2"]
[White "Marson, Michael"]
[Black "Moody, David"]
[Result "0-1"]
[WhiteElo "1663"]
[BlackElo "2036"]
[PlyCount "72"]
[EventDate "1996.04.20"]

1. d4 Nf6 2. c4 c5 3. d5 e6 4. Nc3 exd5 5. cxd5 d6 6. e4 g6 7. Bg5 h6 8. Bd2
Bg7 9. Bd3 O-O 10. Nf3 a6 11. a4 Bg4 12. h3 Bxf3 13. Qxf3 Nbd7 14. O-O Re8 15.
Rfe1 Ne5 16. Qe2 Rb8 17. Bf4 g5 18. Bh2 Nfd7 19. f4 Nxd3 20. Qxd3 c4 21. Qd2 b5
22. axb5 axb5 23. fxg5 hxg5 24. Kh1 Nc5 25. Ra7 b4 26. Qf2 Re7 27. Rxe7 Qxe7
28. Nd1 Nd3 29. Qe2 Nxe1 30. Qxe1 c3 31. bxc3 bxc3 32. Nxc3 Bxc3 33. Qxc3 Rb1+
34. Bg1 Qa7 35. Qc8+ Kg7 36. Qc3+ Kh7 0-1

[Event "Finney Quads (April)"]
[Site "Detroit, Mich."]
[Date "1996.04.20"]
[Round "3"]
[White "Bailey, Greg"]
[Black "Moody, David"]
[Result "0-1"]
[WhiteElo "2000"]
[BlackElo "2036"]
[PlyCount "76"]
[EventDate "1996.04.20"]

1. Nf3 g6 2. g3 Bg7 3. Bg2 d6 4. c4 e5 5. d4 Nc6 6. d5 Nb8 7. Nc3 Nd7 8. O-O a5
9. Qc2 Nc5 10. Bd2 Bf5 11. e4 Bg4 12. Ne1 Qd7 13. f3 Bh3 14. Nb5 Bxg2 15. Nxg2
c6 16. Nc3 Ne7 17. Ne3 O-O 18. Rad1 f5 19. Ne2 cxd5 20. cxd5 f4 21. gxf4 exf4
22. Nc4 b5 23. Nxa5 Rxa5 24. Bxa5 Qa7 25. Bc3 Nxe4+ 26. Bd4 Bxd4+ 27. Nxd4 Nf6
28. Qb3 Nf5 29. Qd3 Ne3 30. Rfe1 Nxd1 31. Rxd1 Re8 32. Kg2 Qxa2 33. Qxb5 Qxd5
34. Qb4 Ng4 35. Rd2 Ne3+ 36. Kh1 Ra8 37. Nb3 Qxf3+ 38. Kg1 Qf1# 0-1

[Event "Lansing May Mini-Swiss.2"]
[Site "?"]
[Date "1996.05.05"]
[Round "1"]
[White "Zacks, Naum"]
[Black "Aldrich, Jeff"]
[Result "0-1"]
[WhiteElo "1800"]
[BlackElo "1906"]
[PlyCount "72"]
[EventDate "1996.??.??"]

1. e4 c6 2. d4 d5 3. Nc3 dxe4 4. Nxe4 Nd7 5. c4 Ngf6 6. Ng5 e6 7. N1f3 h6 8.
Nxf7 Kxf7 9. Bd3 Bb4+ 10. Kf1 Rf8 11. Ne5+ Nxe5 12. dxe5 Ng8 13. a3 Bc5 14.
Qh5+ Ke7 15. Qg6 Rxf2+ 16. Ke1 Qf8 17. Qg3 Rf7 18. Be3 Kd8 19. b4 Bxe3 20. Qxe3
Kc7 21. Rd1 Ne7 22. b5 Nf5 23. Qd2 c5 24. Bxf5 Rxf5 25. Qd6+ Qxd6 26. exd6+ Kd7
27. g4 Rf4 28. Rf1 Rxf1+ 29. Kxf1 b6 30. Re1 Kxd6 31. h4 Bb7 32. Re2 Rf8+ 33.
Kg1 Rf4 34. g5 Rxh4 35. gxh6 Rxh6 36. Rf2 Rh1# 0-1

[Event "Lansing May Mini-Swiss.2"]
[Site "?"]
[Date "1996.05.05"]
[Round "2"]
[White "Aldrich, Jeff"]
[Black "Sobocinski, Mike"]
[Result "0-1"]
[WhiteElo "1906"]
[BlackElo "1998"]
[PlyCount "156"]
[EventDate "1996.??.??"]

1. d4 d5 2. c4 e6 3. Nc3 Nf6 4. Bg5 Be7 5. Nf3 Nbd7 6. e3 c6 7. Rc1 O-O 8. Qc2
Re8 9. a3 a5 10. Bd3 dxc4 11. Bxc4 Nd5 12. Ne4 h6 13. Bxe7 Qxe7 14. O-O N5b6
15. Ba2 e5 16. Bb1 f5 17. Qb3+ Kh8 18. Ng3 e4 19. Nh4 Qxh4 20. Nxf5 Qf6 21. Ng3
Qg6 22. f3 a4 23. Qc2 Nd5 24. Qf2 Qg5 25. fxe4 Nxe3 26. h4 Qxh4 27. Qxe3 Nf6
28. Nf5 Bxf5 29. Rxf5 Ng4 30. Qh3 Qxh3 31. gxh3 Nf6 32. Re1 Rad8 33. e5 Rxd4
34. Ref1 Nh7 35. e6 Nf6 36. Ba2 Rd2 37. R1f2 Rd3 38. Kg2 Re7 39. Ra5 Rd8 40.
Rxa4 Kg8 41. Rb4 Kf8 42. a4 Rc7 43. Rbf4 Ke7 44. b4 Rd3 45. Rc2 Nd5 46. Rf7+
Kd6 47. Bxd5 Rxd5 48. Re2 Re7 49. Re4 Rxf7 50. exf7 Rf5 51. Kg3 Rxf7 52. Kg4
Kd5 53. Re1 Kc4 54. Re4+ Kd3 55. Re5 Rd7 56. b5 Rd4+ 57. Kf5 Rxa4 58. bxc6 bxc6
59. Rc5 Rc4 60. Ra5 Rb4 61. Kg6 Rb7 62. h4 Kd4 63. Ra4+ Kd5 64. h5 c5 65. Ra8
Rd7 66. Rg8 c4 67. Rxg7 Rxg7+ 68. Kxg7 Ke6 69. Kxh6 Kf6 70. Kh7 Kf7 71. Kh8 c3
72. h6 c2 73. h7 Kg6 74. Kg8 c1=Q 75. h8=N+ Kf6 76. Nf7 Qc8+ 77. Kh7 Kxf7 78.
Kh6 Qg4 0-1

[Event "World Open U2000"]
[Site "?"]
[Date "1996.07.03"]
[Round "1"]
[White "Aldrich, Jeff"]
[Black "Williams, Larry"]
[Result "0-1"]
[WhiteElo "1906"]
[BlackElo "1997"]
[PlyCount "44"]
[EventDate "1996.??.??"]

1. d4 d5 2. c4 c6 3. Nc3 Nf6 4. cxd5 cxd5 5. Nf3 Nc6 6. Bf4 e6 7. e3 Be7 8. a3
a6 9. Bd3 O-O 10. O-O Bd7 11. Rc1 Rc8 12. Qe2 Nh5 13. Bxh7+ Kxh7 14. Ng5+ Bxg5
15. Qxh5+ Bh6 16. Bxh6 gxh6 17. f4 Qf6 18. Rf3 Rg8 19. h3 Qg6 20. Qxg6+ Rxg6
21. f5 exf5 22. Nxd5 Nxd4 0-1

[Event "World Open U2000"]
[Site "?"]
[Date "1996.07.04"]
[Round "2"]
[White "Yeomans, Alan"]
[Black "Aldrich, Jeff"]
[Result "0-1"]
[WhiteElo "1800"]
[BlackElo "1906"]
[PlyCount "66"]
[EventDate "1996.??.??"]

1. d4 d5 2. Nf3 Nf6 3. h3 e6 4. Bf4 c5 5. c3 Nc6 6. e3 Qb6 7. Qc2 Bd7 8. Nbd2
Rc8 9. Rc1 cxd4 10. exd4 Be7 11. Qb1 Na5 12. Ne5 Bb5 13. Bxb5+ Qxb5 14. Bh2 O-O
15. f3 Nh5 16. g3 Rfe8 17. Kf2 f6 18. Nd3 e5 19. g4 exd4 20. gxh5 Bc5 21. Nxc5
Re2+ 22. Kg3 Rxd2 23. Qf5 Re8 24. Rhe1 Rde2 25. Rxe2 Qxe2 26. Qxd5+ Kh8 27. Bg1
Nc6 28. Bxd4 Qxb2 29. Rf1 Qc2 30. Nxb7 Ne7 31. Qe6 Nf5+ 32. Qxf5 Qxf5 33. Nd6
Qg5+ 0-1

[Event "World Open U2000"]
[Site "?"]
[Date "1996.07.04"]
[Round "3"]
[White "Aldrich, Jeff"]
[Black "Tjokrosurjo, Omega"]
[Result "0-1"]
[WhiteElo "1906"]
[BlackElo "1989"]
[PlyCount "82"]
[EventDate "1996.??.??"]

1. d4 c6 2. c4 d5 3. Nc3 Nf6 4. Nf3 dxc4 5. e3 b5 6. a4 b4 7. Na2 e6 8. Bxc4
Bb7 9. Bd2 a5 10. Nc1 c5 11. Nb3 cxd4 12. Nbxd4 Be7 13. Bb5+ Nfd7 14. Ne5 O-O
15. Nxd7 Nxd7 16. Qg4 Nf6 17. Qh3 Rc8 18. Rd1 Qd5 19. O-O Rfd8 20. b3 Bc5 21.
Bc4 Qg5 22. Nf3 Qg6 23. Ne5 Qe4 24. Nf3 Qc2 25. Rc1 Qg6 26. Rfd1 Nd5 27. Qg3
Nc3 28. Qxg6 hxg6 29. Bxc3 Rxd1+ 30. Rxd1 bxc3 31. Rc1 Rd8 32. Kf1 Bb4 33. Ke2
Bxf3+ 34. Kxf3 Rd2 35. e4 Kf8 36. Ke3 Bc5+ 37. Kf3 Rxf2+ 38. Kg3 c2 39. Bd3 Rd2
40. Bxc2 Ba3 41. Ra1 Bd6+ 0-1

[Event "World Open U2000"]
[Site "?"]
[Date "1996.07.05"]
[Round "4"]
[White "Mitchell, Mercer"]
[Black "Aldrich, Jeff"]
[Result "0-1"]
[WhiteElo "1794"]
[BlackElo "1906"]
[PlyCount "68"]
[EventDate "1996.??.??"]

1. d4 d5 2. c4 c6 3. e3 Nf6 4. Nc3 e6 5. Nf3 Nbd7 6. Bd3 Be7 7. O-O O-O 8. Qc2
dxc4 9. Bxc4 b5 10. Bd3 Bb7 11. a3 a5 12. e4 h6 13. e5 Nd5 14. Nxd5 exd5 15.
Re1 b4 16. Qe2 f5 17. Qc2 Nb6 18. Bxf5 Nc4 19. Bh7+ Kh8 20. Bg6 Qb6 21. h3 b3
22. Qb1 c5 23. Be3 Rxf3 24. gxf3 cxd4 25. Bf4 Rf8 26. Bf5 g6 27. Bxh6 Rxf5 28.
Kg2 Qe6 29. Bc1 Rh5 30. Rh1 Bc8 31. Qd3 Nxe5 32. Qxd4 Bf6 33. Qe3 Rg5+ 34. Kh2
Qxh3# 0-1

[Event "World Open U2000"]
[Site "?"]
[Date "1996.07.05"]
[Round "5"]
[White "Aldrich, Jeff"]
[Black "Pscherer, Gerhard"]
[Result "1-0"]
[WhiteElo "1906"]
[BlackElo "1511"]
[PlyCount "123"]
[EventDate "1996.??.??"]

1. d4 f5 2. c4 e6 3. Nc3 Nf6 4. Nf3 Be7 5. g3 O-O 6. Bg2 d5 7. O-O c6 8. b3 Bd7
9. Qc2 Be8 10. Ng5 Qc8 11. Bf4 Bg6 12. Qb2 Ne4 13. Ngxe4 fxe4 14. Rac1 Qd8 15.
c5 Nd7 16. b4 Bg5 17. e3 Bxf4 18. gxf4 Qh4 19. f3 Nf6 20. Qf2 Qxf2+ 21. Rxf2
exf3 22. Bxf3 Bf5 23. Rg2 h6 24. Kf2 Kh7 25. Rcg1 Rf7 26. Ke2 Rg8 27. Rg3 g6
28. b5 Rfg7 29. a4 g5 30. fxg5 Rxg5 31. Rxg5 Rxg5 32. Rxg5 hxg5 33. b6 a6 34.
Kd2 Kg6 35. a5 g4 36. Be2 Kg5 37. Bf1 Kh4 38. Na2 g3 39. hxg3+ Kxg3 40. Nb4 Kf3
41. Bxa6 bxa6 42. b7 Nd7 43. Nxa6 Ke4 44. b8=Q Nxb8 45. Nxb8 e5 46. Nxc6 exd4
47. Nxd4 Bc8 48. Nc6 Bb7 49. Nb8 d4 50. exd4 Kxd4 51. c6 Bxc6 52. Nxc6+ Kc5 53.
Nb4 Kb5 54. a6 Kb6 55. Kd3 Ka7 56. Kd4 Kb6 57. Kc4 Ka7 58. Kb5 Ka8 59. Kb6 Kb8
60. Nd5 Ka8 61. Nc7+ Kb8 62. a7+ 1-0

[Event "World Open U2000"]
[Site "?"]
[Date "1996.07.06"]
[Round "7"]
[White "Pfiffner, Peter"]
[Black "Aldrich, Jeff"]
[Result "1/2-1/2"]
[WhiteElo "1958"]
[BlackElo "1906"]
[PlyCount "81"]
[EventDate "1996.??.??"]

1. d4 d5 2. Nf3 Nf6 3. c4 c6 4. Nc3 e6 5. Bg5 dxc4 6. a4 Bb4 7. e4 Qa5 8. Bd2
O-O 9. Bxc4 c5 10. Qe2 Nc6 11. dxc5 Qxc5 12. O-O Bd7 13. Ba2 Rad8 14. Kh1 Ba5
15. Be3 Qh5 16. Kg1 Bc7 17. g3 Ng4 18. Nh4 g5 19. h3 gxh4 20. hxg4 Qg6 21. gxh4
e5 22. f3 Kh8 23. Kh1 Nd4 24. Qg2 Ne6 25. Nd5 Bb8 26. h5 Qg7 27. Rg1 Nf4 28.
Nxf4 exf4 29. Bc5 Rfe8 30. Rad1 Bxa4 31. Rd5 Rxd5 32. Bxd5 b6 33. Ba3 Be5 34.
b3 Bb5 35. Rc1 Qf6 36. Qh2 h6 37. Bb4 a5 38. Be1 Qe7 39. Bh4 f6 40. Be1 Bd7 41.
Qd2 1/2-1/2

[Event "World Open U2000"]
[Site "?"]
[Date "1996.07.07"]
[Round "8"]
[White "Mitchell, Bertrand"]
[Black "Aldrich, Jeff"]
[Result "1/2-1/2"]
[WhiteElo "1975"]
[BlackElo "1906"]
[PlyCount "44"]
[EventDate "1996.??.??"]

1. d4 Nf6 2. c4 g6 3. Nc3 Bg7 4. e4 d6 5. Be2 a6 6. f4 O-O 7. Nf3 c5 8. d5 b5
9. cxb5 axb5 10. Bxb5 Qa5 11. Qe2 Ba6 12. Bxa6 Qxa6 13. Qxa6 Nxa6 14. O-O Nb4
15. h3 Rfb8 16. Rd1 Nd7 17. a3 Nc2 18. Ra2 Nb6 19. Ne2 Nc4 20. e5 f6 21. b3 Nb4
22. Ra1 Nc2 1/2-1/2

[Event "World Open U2000"]
[Site "?"]
[Date "1996.07.07"]
[Round "9"]
[White "Eszhanov, Jan"]
[Black "Aldrich, Jeff"]
[Result "0-1"]
[WhiteElo "1961"]
[BlackElo "1906"]
[PlyCount "42"]
[EventDate "1996.??.??"]

1. e4 c6 2. d4 d5 3. Nc3 dxe4 4. Nxe4 Nd7 5. Nf3 Ngf6 6. Nxf6+ Nxf6 7. Bd3 e6
8. Bf4 Be7 9. O-O O-O 10. Re1 h6 11. Ne5 Nd5 12. Bg3 c5 13. dxc5 Bxc5 14. c3
Bd7 15. Qd2 Rc8 16. Rad1 a5 17. Be4 Bc6 18. Nxc6 Rxc6 19. Bb1 Qg5 20. Qc2 g6
21. h4 Qxg3 0-1

[Event "Lansing July Mini-Swiss.2"]
[Site "?"]
[Date "1996.07.14"]
[Round "1"]
[White "Horton, Deon"]
[Black "Aldrich, Jeff"]
[Result "1-0"]
[WhiteElo "1800"]
[BlackElo "1906"]
[PlyCount "139"]
[EventDate "1996.??.??"]

1. e4 c6 2. d4 d5 3. e5 Bf5 4. Nc3 e6 5. g4 Bg6 6. Nge2 Bb4 7. h4 h6 8. a3 Be7
9. h5 Bh7 10. Be3 Nd7 11. Qd2 b5 12. Ng3 a5 13. Bd3 Bxd3 14. Qxd3 Rb8 15. Nce2
c5 16. c3 c4 17. Qc2 Qb6 18. f4 b4 19. axb4 axb4 20. Kf2 Nf8 21. Qa4+ Kd8 22.
Qa5 Kc7 23. Qxb6+ Kxb6 24. Ra4 Kc7 25. Rha1 Nd7 26. f5 bxc3 27. bxc3 Bh4 28.
Ra7+ Rb7 29. Rxb7+ Kxb7 30. Nf4 exf5 31. Nxd5 fxg4 32. Kg2 g6 33. hxg6 fxg6 34.
Ne4 Ne7 35. Nd6+ Kb8 36. Rb1+ Ka7 37. Rb7+ Ka6 38. Nb4+ Ka5 39. Rxd7 Rf8 40. d5
Ka4 41. Ne4 Kb3 42. Bc5 Rf4 43. Bxe7 Bxe7 44. Rxe7 Rxe4 45. d6 Re2+ 46. Kg3 Rd2
47. d7 Kxc3 48. Nc6 Kb2 49. d8=Q Rxd8 50. Nxd8 c3 51. Rc7 c2 52. Rxc2+ Kxc2 53.
Kxg4 h5+ 54. Kg5 Kd3 55. e6 Kd4 56. e7 h4 57. e8=Q h3 58. Qh8+ Kc5 59. Qxh3 Kd4
60. Nf7 Kc5 61. Qd3 Kb4 62. Qc2 Kb5 63. Ne5 Kb6 64. Nd7+ Kb5 65. Qc5+ Ka4 66.
Qb6 Ka3 67. Ne5 Ka4 68. Nd3 Ka3 69. Qb4+ Ka2 70. Qb2# 1-0

[Event "Lansing July Mini-Swiss.2"]
[Site "?"]
[Date "1996.07.14"]
[Round "2"]
[White "Aldrich, Jeff"]
[Black "Morris, Jewell"]
[Result "1-0"]
[WhiteElo "1906"]
[BlackElo "1906"]
[PlyCount "31"]
[EventDate "1996.??.??"]

1. d4 d5 2. c4 c6 3. Nc3 Nf6 4. Nf3 e6 5. Bg5 Nbd7 6. e3 Be7 7. Qc2 O-O 8. Bd3
h6 9. h4 Re8 10. O-O-O hxg5 11. hxg5 Ne4 12. Bxe4 dxe4 13. Qxe4 Nf8 14. Qh4 Ng6
15. Qh7+ Kf8 16. Qh8+ 1-0

[Event "Troy Action Quads"]
[Site "Troy, Mich."]
[Date "1996.07.25"]
[Round "1"]
[White "Moody, David"]
[Black "Randall, Paul"]
[Result "1-0"]
[WhiteElo "2052"]
[BlackElo "1844"]
[PlyCount "45"]
[EventDate "1996.07.25"]

1. e4 d5 2. Nc3 d4 3. Nce2 e5 4. Ng3 Nf6 5. Bc4 g6 6. Nf3 Bd6 7. O-O Nbd7 8. d3
a5 9. a3 h5 10. Ng5 O-O 11. h4 c6 12. f4 exf4 13. Bxf4 Bxf4 14. Rxf4 Ne5 15.
Ba2 Bg4 16. Qf1 Kg7 17. Qf2 Bd7 18. Qxd4 Qc7 19. Raf1 c5 20. Qc3 Ra6 21. d4
Neg4 22. e5 Ne8 23. Rxf7+ 1-0

[Event "Troy Action Quads"]
[Site "Troy, Mich."]
[Date "1996.07.25"]
[Round "2"]
[White "Hartwig, Thomas"]
[Black "Moody, David"]
[Result "0-1"]
[WhiteElo "1860"]
[BlackElo "2052"]
[PlyCount "50"]
[EventDate "1996.07.25"]

1. e4 e5 2. Nf3 Nc6 3. Bc4 Nf6 4. Ng5 d5 5. exd5 Na5 6. Bb5+ c6 7. dxc6 bxc6 8.
Be2 h6 9. Nf3 e4 10. Ne5 Qd4 11. Ng4 Bxg4 12. Bxg4 e3 13. f3 Nxg4 14. fxg4
O-O-O 15. Qf3 exd2+ 16. Bxd2 Bc5 17. c3 Rhe8+ 18. Kd1 Qa4+ 19. Kc1 Nc4 20. Qf5+
Kc7 21. Qxc5 Nxd2 22. Nxd2 Re2 23. Rd1 Rdxd2 24. b3 Rc2+ 25. Kb1 Rb2+ 0-1

[Event "U.S. Open"]
[Site "Alexandria, Va."]
[Date "1996.08.09"]
[Round "2"]
[White "Ostler, Frank"]
[Black "Moody, David"]
[Result "0-1"]
[WhiteElo "1300"]
[BlackElo "2055"]
[PlyCount "86"]
[EventDate "1996.08.04"]

1. c4 Nf6 2. d4 c5 3. d5 e6 4. Nc3 exd5 5. cxd5 d6 6. h3 g6 7. e4 Bg7 8. Bf4
O-O 9. Bd3 Re8 10. Qc2 Na6 11. a3 Nc7 12. Nge2 b5 13. b3 b4 14. axb4 cxb4 15.
Nb5 Nxb5 16. Bxb5 Rxe4 17. O-O Bf5 18. Bg5 Qb6 19. Qc6 Rc8 20. Qxb6 axb6 21.
Bxf6 Bxf6 22. Ra6 Rc2 23. g4 Bc8 24. Ra8 Kg7 25. Bd3 Bb7 26. Bxe4 Rxe2 27. Rb8
Rxe4 28. Rxb7 Bd4 29. Rd7 Bc5 30. Kg2 Re2 31. g5 Rb2 32. h4 Rxb3 33. Re1 Rb2
34. Rd8 Bxf2 35. Ree8 Bxh4+ 36. Kh3 Bxg5 37. Rg8+ Kh6 38. Rxd6 Bf4 39. Rf6 Kg5
40. Rxf4 Kxf4 41. Rg7 f5 42. d6 g5 43. d7 g4+ 0-1

[Event "U.S. Open"]
[Site "Alexandria, Va."]
[Date "1996.08.09"]
[Round "1"]
[White "Moody, David"]
[Black "Cain, George"]
[Result "1-0"]
[WhiteElo "2055"]
[BlackElo "1491"]
[PlyCount "41"]
[EventDate "1996.08.04"]

1. e4 c5 2. Nf3 e6 3. d4 cxd4 4. Nxd4 Nf6 5. Nc3 a6 6. e5 Ng8 7. f4 d6 8. Bd3
dxe5 9. fxe5 Bc5 10. Nb3 Bb4 11. Qg4 Bxc3+ 12. bxc3 g6 13. Bg5 Qc7 14. O-O-O
Qxe5 15. Rhe1 Qc7 16. Bb5+ Bd7 17. Rxe6+ Kf8 18. Qb4+ Kg7 19. Qd4+ Kf8 20. Bf4
Nc6 21. Bd6+ 1-0

[Event "U.S. Open"]
[Site "Alexandria, Va."]
[Date "1996.08.10"]
[Round "3"]
[White "Moody, David"]
[Black "Inoconcio, Edgar"]
[Result "0-1"]
[WhiteElo "2055"]
[BlackElo "2143"]
[PlyCount "38"]
[EventDate "1996.08.04"]

1. e4 c5 2. Nf3 d6 3. d4 cxd4 4. Nxd4 Nf6 5. Nc3 a6 6. Bg5 Nc6 7. Bxf6 gxf6 8.
Bc4 e6 9. f4 Qb6 10. Nxc6 bxc6 11. Qf3 Qxb2 12. Rb1 Qa3 13. e5 d5 14. exf6 Bb4
15. Rb3 Qc1+ 16. Kf2 Bc5+ 17. Ke2 Qxh1 18. Na4 Bd4 19. f5 Rg8 0-1

[Event "U.S. Open"]
[Site "Alexandria, Va."]
[Date "1996.08.10"]
[Round "4"]
[White "Buchanan, Arthur"]
[Black "Moody, David"]
[Result "1-0"]
[WhiteElo "1854"]
[BlackElo "2055"]
[PlyCount "63"]
[EventDate "1996.08.04"]

1. e4 e5 2. g3 d5 3. Bg2 dxe4 4. Bxe4 Nf6 5. Bg2 Bc5 6. h3 Nc6 7. Nc3 Bf5 8. d3
Qd7 9. a3 O-O-O 10. Be3 Nd4 11. g4 Be6 12. Qd2 Nd5 13. O-O-O Nxc3 14. Qxc3 Qb5
15. Re1 Rd6 16. Be4 Rhd8 17. Nf3 f6 18. Nd2 g6 19. f4 Ra6 20. fxe5 fxe5 21.
Rhf1 Be7 22. Nc4 Bh4 23. Bf2 Bg5+ 24. Be3 Bf4 25. Rxf4 exf4 26. Bxd4 Bxc4 27.
dxc4 Qg5 28. Kb1 Rad6 29. Bd5 h5 30. Be5 Rb6 31. c5 Ra6 32. Qf3 1-0

[Event "U.S. Open"]
[Site "Alexandria, Va."]
[Date "1996.08.11"]
[Round "6"]
[White "Pappu, Vasanth"]
[Black "Moody, David"]
[Result "1-0"]
[WhiteElo "1879"]
[BlackElo "2055"]
[PlyCount "53"]
[EventDate "1996.08.04"]

1. e4 e5 2. Nf3 Nc6 3. Bb5 a6 4. Bxc6 dxc6 5. O-O Qd6 6. d4 exd4 7. Nxd4 Bd7 8.
Nc3 O-O-O 9. Be3 Qg6 10. Qf3 Bd6 11. Nf5 Bxf5 12. exf5 Qf6 13. Ne2 Ne7 14. Ng3
Bxg3 15. fxg3 Nd5 16. c3 Nxe3 17. Qxe3 Rhe8 18. Qa7 Rd2 19. Rad1 Ree2 20. Rxd2
Rxd2 21. Qa8+ Kd7 22. Re1 Kd6 23. Qf8+ Kd5 24. c4+ Kxc4 25. Rc1+ Kd5 26. Qc5+
Ke4 27. Re1+ 1-0

[Event "U.S. Open"]
[Site "Alexandria, Va."]
[Date "1996.08.11"]
[Round "5"]
[White "Moody, David"]
[Black "Condon, F. E."]
[Result "1-0"]
[WhiteElo "2055"]
[BlackElo "1700"]
[PlyCount "47"]
[EventDate "1996.08.04"]

1. e4 e6 2. d4 d5 3. Nc3 Bb4 4. e5 c5 5. a3 Bxc3+ 6. bxc3 Qc7 7. Nf3 Nc6 8. a4
a6 9. Ba3 b6 10. Bd3 f6 11. exf6 Nxf6 12. O-O O-O 13. Re1 Re8 14. Ne5 c4 15.
Bf1 Nxe5 16. dxe5 Ne4 17. Qd4 a5 18. Rab1 Ra6 19. Bxc4 Nxc3 20. Bxa6 Nxb1 21.
Bd6 Qxc2 22. Bd3 Qc3 23. Qe3 Nd2 24. Bxh7+ 1-0

[Event "U.S. Open"]
[Site "Alexandria, Va."]
[Date "1996.08.12"]
[Round "7"]
[White "Moody, David"]
[Black "Levy, Jonathan"]
[Result "1-0"]
[WhiteElo "2055"]
[BlackElo "1317"]
[PlyCount "45"]
[EventDate "1996.08.04"]

1. e4 e5 2. Nf3 Nc6 3. d4 exd4 4. Bc4 Bc5 5. O-O Nf6 6. e5 d5 7. exf6 dxc4 8.
Re1+ Be6 9. Ng5 Qxf6 10. Nxe6 fxe6 11. Qh5+ Kd7 12. Qxc5 Rhf8 13. f3 g5 14.
Bxg5 Qg6 15. Nd2 e5 16. Nxc4 Qxg5 17. Nxe5+ Nxe5 18. Rxe5 Qf6 19. Rae1 Rfe8 20.
Qxd4+ Qd6 21. Qg4+ Kc6 22. Qa4+ Kb6 23. Qb5# 1-0

[Event "U.S. Open"]
[Site "Alexandria, Va."]
[Date "1996.08.12"]
[Round "8"]
[White "Clifton, Robert"]
[Black "Moody, David"]
[Result "0-1"]
[WhiteElo "1900"]
[BlackElo "2055"]
[PlyCount "64"]
[EventDate "1996.08.04"]

1. d4 Nf6 2. c4 c5 3. d5 e6 4. Nc3 exd5 5. cxd5 d6 6. e4 g6 7. Nf3 Bg7 8. Bd3
O-O 9. h3 Re8 10. O-O a6 11. a4 Nbd7 12. Bf4 c4 13. Bc2 Nc5 14. Qe2 Nfxe4 15.
Qxc4 Bf5 16. Rfe1 Rc8 17. Qb4 Nxc3 18. Rxe8+ Qxe8 19. Bxf5 gxf5 20. bxc3 Nd3
21. Qxd6 Bf8 22. Qf6 Nxf4 23. Re1 Qd8 24. Qxf5 Nxd5 25. Rd1 Rc5 26. Rd4 Qf6 27.
Qd7 Nxc3 28. Rg4+ Kh8 29. Qxb7 Nd5 30. Ng5 Rc1+ 31. Kh2 Bd6+ 32. f4 Bxf4+ 0-1